000 00281nam a2200109Ia 4500
008 200302s9999 xx 000 0 und d
100 _aK. M. Girhe
245 _aArchitecture of Bhoslas of Nagpur Vol I
260 _bBharatiya Kala Prakahan Delhi
260 _c2004
300 _a152 P.,
999 _c3869
_d3869